Statistics for DHMIS Characters Quiz #3

Click here to take the quiz!

General Stats

  • This quiz has been taken 22 times
  • The average score is 7 of 9

Answer Stats

Answer% Correct
Red Guy
100%
Duck Guy
94%
Larry Lamp
94%
Yellow Guy
94%
Coffin
89%
Tissue box
83%
Red Guy's ID Card
50%
Stain Edward
50%
Mourners
39%

Score Distribution

Percentile by Number Answered

Percent of People with Each Score

Your Score History

You have not taken this quiz